[Event "April Showers Open/Come join the fun!"]
[Site "SchemingMind.com"]
[Date "2005.04.12"]
[Round "-"]
[White "dadshane2000"]
[Black "AaronB"]
[Result "1-0"]
[WhiteCountry "USA"]
[BlackCountry "USA"]
[WhiteElo "1763"]
[WhiteRD "79"]
[BlackElo "1572"]
[BlackRD "61"]
[GameID "12737"]

1. e4 e5 2. Nf3 Nf6 3. d4 exd4 4. e5 Ne4 5. Qxd4 d5 6. exd6 Nxd6 7. Bd3 Nc6 8. Qf4 Be7 9. Nc3 O-O 10. O-O Be6
11. Be3 a5 12. a3 Bf6 13. Bc5 Bxc3 14. bxc3 b6 15. Bxd6 Qxd6 16. Qxd6 cxd6 17. Ng5 h6 18. Nxe6 fxe6 19. f4 Rac8 20. Rab1 Rb8
21. f5 exf5 22. Bxf5 Ne5 23. Be6+ Nf7 24. Rb5 g6 25. Rfb1 Rfe8 26. Bd5 Re3 27. Rxb6 Rxb6 28. Rxb6 Rxc3 29. Rb7 Rxc2 30. Bxf7+ Kf8
31. Bxg6 Rc1+ 32. Kf2 Ra1 33. Rf7+ Kg8 34. Rf3 Kg7 35. Be8 Ra2+ 36. Kg3 Re2 37. Bb5 Re5 38. a4 Rg5+ 39. Kf2 Re5 40. Rf4 Kg6
41. g4 Kg5 42. Kg3 Re3+ 43. Rf3 Rxf3+ 44. Kxf3 Kf6 45. Kf4 d5 46. h4 Ke6 47. g5 hxg5+ 48. Kxg5 Kf7 49. h5 d4 50. h6 Kg8
51. Kg6 Kh8 52. Bd3 Kg8 53. Kf6 Kh8 54. Ke5 Kg8 55. Kxd4 Kh8 56. Kc4
1-0